书目信息 |
| 题名: |
金相技术与材料组织分析
|
|
| 作者: | 席生岐 , 高圆 编 | |
| 分册: | ||
| 出版信息: | 西安 西安交通大学出版社 2021 |
|
| 页数: | 194页 | |
| 开本: | 23cm | |
| 丛书名: | ||
| 单 册: | ||
| 中图分类: | TB303-33 | |
| 科图分类: | ||
| 主题词: | 金相技术--材料--实验--高等教育--教材 , 工程材料--实验--高等教育--教材 | |
| 电子资源: | ||
| ISBN: | 978-7-5605-5763-2 | |
| 000 | 00888nam0 2200253 450 | |
| 001 | 202021194568 | |
| 005 | 20211025120147.0 | |
| 010 | @a978-7-5605-5763-2@dCNY30.00 | |
| 100 | @a20211005d2021 em y0chiy50 ea | |
| 101 | 0 | @achi |
| 102 | @aCN@b610000 | |
| 105 | @aa z 000yy | |
| 106 | @ar | |
| 200 | 1 | @a金相技术与材料组织分析@AJin Xiang Ji Shu Yu Cai Liao Zu Zhi Fen Xi@f席生岐,高圆编 |
| 210 | @a西安@c西安交通大学出版社@d2021 | |
| 215 | @a194页@c图@d23cm | |
| 300 | @a普通高等教育材料类“十四五”系列教材 | |
| 330 | @a本书共分为四个单元,主要内容包括:金相技术与钢铁组织分析、定量金相技术、结晶凝固与塑性变形组织、材料相图与结构。 | |
| 606 | 0 | @a金相技术@x材料@x实验@x高等教育@j教材 |
| 606 | 0 | @a工程材料@x实验@x高等教育@j教材 |
| 690 | @aTB303-33@v5 | |
| 701 | 0 | @a席生岐@AXi Sheng Qi@4 编 |
| 701 | 0 | @a高圆@AGao Yuan@4 编 |
| 905 | @a河南城建学院图书馆@dTB303-33@eX157 | |
| 金相技术与材料组织分析/席生岐,高圆编.-西安:西安交通大学出版社,2021 |
| 194页:图;23cm |
| 普通高等教育材料类“十四五”系列教材 |
| ISBN 978-7-5605-5763-2:CNY30.00 |
| 本书共分为四个单元,主要内容包括:金相技术与钢铁组织分析、定量金相技术、结晶凝固与塑性变形组织、材料相图与结构。 |
| ● |
| 相关链接 |
|
|
|
正题名:金相技术与材料组织分析
索取号:TB303-33/X157
 
预约/预借
| 序号 | 登录号 | 条形码 | 馆藏地/架位号 | 状态 | 备注 |
| 1 | 1543756 | 215437560 | 自科库501/501自科库 12排2列5层/ [索取号:TB303-33/X157] | 在馆 | |
| 2 | 1543757 | 215437579 | 自科库501/501自科库 12排2列5层/ [索取号:TB303-33/X157] | 在馆 | |
| 3 | 1543758 | 215437588 | 自科库501/501自科库 12排2列5层/ [索取号:TB303-33/X157] | 在馆 |